Beyond the kalman filter ,particle filters for tracking applications (Record no. 569269)

000 -LEADER
fixed length control field 00592nam a22001817a 4500
003 - CONTROL NUMBER IDENTIFIER
control field CEME
005 - DATE AND TIME OF LATEST TRANSACTION
control field 20210628202313.0
008 - FIXED-LENGTH DATA ELEMENTS--GENERAL INFORMATION
fixed length control field 210210b xxu||||| |||| 00| 0 eng d
020 ## - INTERNATIONAL STANDARD BOOK NUMBER
International Standard Book Number 1-58053-631-X
040 ## - CATALOGING SOURCE
Transcribing agency .
082 ## - DEWEY DECIMAL CLASSIFICATION NUMBER
Classification number 621.3848 RIS
100 ## - MAIN ENTRY--PERSONAL NAME
Personal name Ristic , Branko ,Arulampalam , Sanjeev ,Gordon , Neil
9 (RLIN) 59246
245 ## - TITLE STATEMENT
Title Beyond the kalman filter ,particle filters for tracking applications
260 ## - PUBLICATION, DISTRIBUTION, ETC.
Place of publication, distribution, etc. LONDON
Name of publisher, distributor, etc. ARTECH HOUSE
Date of publication, distribution, etc. 2004
300 ## - PHYSICAL DESCRIPTION
Extent XIII,299P
650 ## - SUBJECT ADDED ENTRY--TOPICAL TERM
Topical term or geographic name entry element TRACKING RADAR-MATHEMATICS. RADAR DEFENCE NETWORK.KALMAN FILTER.RADAR TRACKING
9 (RLIN) 59247
942 ## - ADDED ENTRY ELEMENTS (KOHA)
Koha item type Book
Source of classification or shelving scheme
Holdings
Withdrawn status Lost status Damaged status Not for loan Permanent Location Current Location Shelving location Date acquired Total Checkouts Full call number Barcode Date last seen Price effective from Koha item type
        College of Electrical & Mechanical Engineering (CEME) College of Electrical & Mechanical Engineering (CEME) General Stacks 07/18/2017   621.3848 RIS CEME-40948 06/28/2021 06/28/2021 Book
© 2023 Central Library, National University of Sciences and Technology. All Rights Reserved.